Retrouvez 25 mots à partir d'une définition humoristique 9 - Statistiques

Statistiques générales
  • Ce quiz a été pris 18 fois
  • Le résultat moyen est 5 sur 25
Statistiques - réponses
Définition Initiale Nbre de lettres Mot % Correct
On la raccourcit en la faisant V 3 Vie
92%
A gardé ses voix V 2 VO
69%
Cachet pour le voyage V 4 Visa
62%
Petite caisse V 10 Voiturette
46%
Un service que l'on ne peut rendre A 3 Ace
38%
Sérum de vérité V 4 Vin
31%
Pour un sot, c'est une définition prise à la lettre B 4 Bêta
23%
Se pare pour être belle avant de se vendre V 6 Viande
23%
Economise la gomme A 3 ABS
15%
Célébrité de la plume E 5 Eider
15%
Permet de saisir vite G 4 Gril
15%
Pratique de cour R 5 Récré
15%
Il quitte les sentiers battus V 3 VTT
15%
Saint en Réunion L 3 Leu
8%
Pour un souverain déchu M 3 Mat
8%
A mitraillé avec Magnum C 4 Capa
0%
Hommage enflammé C 6 Cierge
0%
Chef-d'œuvre en péril D 5 Doyen
0%
Fidèle comme on ne l'est plus F 4 Féal
0%
Ecrit sur le sable H 10 Héraldiste
0%
Rappelle le berger I 3 Ici
0%
Arrive à toute pompe S 5 Super
0%
A de la plaque, bien qu'édenté T 5 Tatou
0%
Bloque le passage V 4 Veto
0%
Elle ne veut que votre bien V 7 Voleuse
0%
Aucun quiz correspondant
Distribution des résultats
% des personnes avec chaque résultat
Percentile par nombre de réponses
Votre historique - résultats
Vous n’avez pas pris ce quiz